000 00863nam a2200265 i 4500
001 bg
100 1 _aOlszowski, Bogdan.
245 1 0 _aMechanika budowli :
_bpodręcznik dla studentów wyższych szkół technicznych.
_nT. 2 /
_cBogdan Olszowski, Maria Radwańska ; Politechnika Krakowska im. Tadeusza Kościuszki.
260 _aKraków :
_bPK,
_c2003.
300 _a286, [1] s. :
_bil. ;
_c24 cm.
504 _aBibliogr. po rozdz.
650 9 _aBudownictwo
_xmechanika
650 9 _aKonstrukcje budowlane
_xmechanika
655 _aPodręczniki akademickie
700 1 _aRadwańska, Maria.
710 0 _aPolitechnika Krakowska im. Tadeusza Kościuszki
020 _a8372422958
040 _cBPK
041 0 _apol
080 _a624.01/.07
080 _a(075.8)
920 _a83-7242-295-8
942 _cKS
008 s pl f |000 0 pol
999 _c44396
_d44396
856 _uhttp://koha.tu.koszalin.pl/cgi-bin/koha/opac-detail.pl?biblionumber=44396
_yKatalog online BPK